|
|
|
|
| LEADER |
00000ckm a2200000 a 4500 |
| 001 |
vtls001489137 |
| 003 |
SK-MaSNL |
| 005 |
20260331204330.0 |
| 007 |
kf co |
| 008 |
230706q2005 xo g r knslo |
| 015 |
|
|
|a SNBG2006/03-00761
|
| 035 |
|
|
|a A3391859-7B00-422E-927A-5612F76482A3
|
| 035 |
|
|
|a urn:nbn:sk:snk-km004bsm
|
| 035 |
|
|
|a urn:nbn:sk:snk-kmtglc
|
| 040 |
|
|
|a SNK
|b slo
|c SNK
|e AACR2
|
| 041 |
0 |
|
|a slo
|
| 043 |
|
|
|a e-xo---
|
| 044 |
|
|
|a xo
|c SK
|
| 080 |
|
|
|a 904
|2 1997
|
| 080 |
|
|
|a (084.121)
|2 1997
|
| 080 |
|
|
|a (437.626)
|2 1997
|
| 100 |
1 |
|
|a Tarábek, Ján,
|d 1978-
|4 pht
|9 178454
|
| 245 |
1 |
0 |
|a Trenčianske Teplice
|h grafika
|c foto Ján Tarábek
|
| 246 |
1 |
|
|i Názov na adresnej časti:
|a Kúpele - Heilbad - Spa Trenčianske Teplice
|b Krym : Hammam : Rím. kat. kostol, reštaurácia a hotel Margit : Pax : celkový pohľad na kúpeľný areál : Vlára : Atlantis : Viktória : Miramare, Corfu
|
| 260 |
|
|
|a [Nitra]
|b FOTAR
|c [2005?]
|
| 300 |
|
|
|a 1 pohľadnica (9 čiastk. pohľadov)
|b farebná
|c 11 x 15 cm
|
| 500 |
|
|
|a Rok vydania určený na základe prírastkového čísla
|
| 500 |
|
|
|a Na adresnej časti uvedené: "FOTO © Ján Tarábek"
|
| 651 |
|
7 |
|a Trenčianske Teplice (Slovensko)
|2 SNKPH
|9 14503
|
| 655 |
|
7 |
|a pohľadnice kultúrnych pamiatok
|2 SNKPH
|9 70523
|
| 655 |
|
7 |
|a miestne pohľadnice
|2 SNKPH
|9 70510
|
| 852 |
|
|
|a Slovenská národná knižnica
|
| 958 |
|
|
|a GBN
|
| 958 |
|
|
|a GC
|
| 958 |
|
|
|a OND
|
| 999 |
|
|
|c 732720
|d 734650
|
| 952 |
|
|
|a SNK
|b SNK
|y PREZ
|7 0
|p 17A0455864
|o snkSP 151810
|i snk489/2005
|0 0
|1 0
|4 0
|d 2005-01-18
|f 1
|l 0
|r 2026-02-23 22:34:37
|w 2026-02-23
|
| 952 |
|
|
|a SNK
|b SNK
|y PREZ
|7 0
|p 17A0455865
|o snkSP 151810 D1
|i snk490/2005
|0 0
|1 0
|4 0
|d 2005-01-18
|l 0
|r 2026-02-23 22:34:37
|w 2026-02-23
|